000
00220 a2200097 4500
001
18030
100
_a
Sanger, J
245
_a
Mathematics for Engineering students
260
_a
_b
Edward Arnold
_c
090
_c
13334
_d
13334
942
_a
NUST-CAE
_c
M
_c
3708
999
_c
253103
_d
253103